000 01007nam a2200277 i 4500
001 bg
003 KOSZ 005
005 20200514135830.0
008 071012s1968 pl a f f 000 0 pol
015 _aPB 1968/1970
040 _aWA N
_cKOSZ 005/RW
_dKOSZ 005/RW
080 _a69(075):72(075)+711(075)
100 1 _aKokozow, Konstanty.
245 1 0 _aPodstawy projektowania architektonicznego /
_cKonstanty Kokozow.
250 _aWyd. 4.
260 _aWarszawa :
_bPaństwowe Wydawnictwo Szkolnictwa Zawodowego,
_c1968.
300 _a371, [4] s., [1] k. tabl. :
_bil. ;
_c25 cm.
380 _aKsiążki.
504 _aBibliogr. s. [375].
521 8 _aDla kl. 2 i 3 technikum budowlanego.
655 4 _aPodręczniki dla szkół zawodowych
655 4 _aProjekt budowlany
710 2 _aPaństwowe Wydawnictwo Szkolnictwa Zawodowego
_4pbl.
856 _uhttp://koha.tu.koszalin.pl/cgi-bin/koha/opac-detail.pl?biblionumber=7950
_yKatalog online BPK
942 _2UKD
_cKS
999 _c7950
_d7950